Capital Cities with the Most 'A's - Statistics

General Stats
  • This quiz has been taken 26 times
  • The average score is 3 of 6
Answer Stats
Hint Answer % Correct
Africa Antananarivo
84%
Africa Addis Ababa
60%
Asia Ulaanbaatar
56%
Europe Andorra la Vella
52%
Asia Sri Jayawardenepura Kotte
44%
Asia Bandar Seri Begawan
40%
No matching quizzes found
Score Distribution
Percent of People with Each Score
Percentile by Number Answered
Your Score History
You have not taken this quiz